LDR 01256nam a2200253 i 4500 001 000000029024 003 CaOOAMICUS 005 20260424103930.0 008 180830s1992 gw u000 u und u 040 $aSeMil$bita 100 1 $aAlbertz, Rainer,$d<1943- >.$0(OLS)http://semarc/name/7216 245 10$aReligionsgeschichte Israels in alttestamentlicher Zeit /$cRainer Albertz. 260 $aGöttingen :$bVandenhoeck & Ruprecht,$c1992. 300 $a2 v. (726 p. :$bill.) ;$c25 cm. 490 1 $aGrundrisse zum Alten Testament ;$v8 650 4$aEbrei - Religione.$0(OLS)http://semarc/subject/4617 650 4$aEbrei - Storia.$0(OLS)http://semarc/subject/4633 650 4$aIsraele - Storia.$0(OLS)http://semarc/subject/2482 774 0 $aAlbertz, Rainer <1943- >$t1: Von den Anfängen bis zum Ende der Königszeit.$z3-525-51671-1$gTeil1$w()38534 774 0 $aAlbertz, Rainer <1943- >$t2: Vom Exil bis zu den Makkabäern.$z3-525-51675-4$gTeil2$w()224490 830 0$aGrundrisse zum Alten Testament ;$v8.$0(OLS)http://semarc/title/229 996 $6245$aReligionsgeschichte Israels in alttestamentlicher Zeit$9(OLS)http://semarc/title/39405 996 $6260$aGöttingen :$bVandenhoeck & Ruprecht$9(OLS)http://semarc/publisher/29697